书目信息 |
| 题名: |
地球故事 地球
|
|
| 作者: | 贝托拉兹 著 | |
| 分册: | ||
| 出版信息: | 北京 中国人民大学出版社 2005.50 |
|
| 页数: | ||
| 开本: | 32开 | |
| 丛书名: | ||
| 单 册: | ||
| 中图分类: | P7-64 | |
| 科图分类: | ||
| 主题词: | 海洋学 | |
| 电子资源: | ||
| ISBN: | 7-300-06464-7-9 | |
| 000 | 00520nam0 2200181 450 | |
| 001 | 0736196517 | |
| 005 | 20070924100316.51 | |
| 010 | @a7-300-06464-7-9@d¥99.80 | |
| 100 | @a20070924d km y0chiy0120 ea | |
| 101 | 0 | @achi |
| 200 | 1 | @a地球故事 地球@Adi qiu gu shi di qiu@f(意)贝托拉兹著@F(yi)bei tuo la zi zhu |
| 210 | @a北京@c中国人民大学出版社@d2005.50 | |
| 215 | @d32开 | |
| 606 | 0 | @a海洋学 |
| 690 | @aP7-64@v3 | |
| 701 | 0 | @a贝托拉兹@Abei tuo la zi@4著 |
| 801 | 0 | @aCN@bPFT@c20070924 |
| 905 | @a213230@dP7-64@eZY05@f1 | |
| 地球故事 地球/(意)贝托拉兹著.-北京:中国人民大学出版社,2005.50 |
| 32开 |
| ISBN 7-300-06464-7-9:¥99.80 |
| ● |
| 相关链接 |
|
|
|
|
正题名:地球故事 地球
索取号:P7-64/ZY05
 
预约/预借
| 序号 | 登录号 | 条形码 | 馆藏地/架位号 | 状态 | 备注 |
| 1 | 7901692 | 279016921 | 密集书库-资源管理系/ [索取号:P7-64/ZY05] | 在馆 |